000 00802cab a2200217 4500
001 ABS50949
008 090401t1994 xxu||||| |||| 00| 0 eng d
035 _a(Sirsi) u2737
041 _aeng
100 _aBlyth, A.
245 _aMore full-time jobs for architects
260 _c1994
350 _a0
490 _aArchitects` Journal
_v199(25) 22 June 1994, 21-24(4)
520 _aThe RIBA workload survey for 1Q 1994, shows an increase in recruitment and a rise in the value of new commissions, figures for new build, refurbishment, staffing levels, regional trends and sector trends. Forecasts trends for the next six months,
650 _aARCHITECTS
650 _aRIBA WORKLOAD SURVEY
690 _aMANAGEMENT-BUSINESS MANAGEMENT-PROFESSIONAL PRACTICE
942 _n0
948 _c04/03/1997
999 _c1647
_d1647